[Event "Bad Woerishofen op"]
[Site "Bad Woerishofen"]
[Date "2001.??.??"]
[Round "7"]
[White "Probst, Joachim"]
[Black "Walther, Alexander"]
[Result "1-0"]
[WhiteElo "1925"]
[BlackElo "1743"]
[Annotator "ChessOrg"]
[PlyCount "93"]
[EventDate "1998.03.05"]
[Source "ChessBase"]
[SourceDate "1998.04.29"]

1. e4 {B12: Caro-Kann (Vorstoss-Variante)} 1... c6 2. d4 d6 3. Nc3 Qc7 4. h3 e5
5. Nf3 Nf6 6. Bd3 Be7 7. O-O 7... O-O {letzter Buchzug} 8. Be3 b5 9. d5 (9. a3
$5 $11 $142) 9... b4 $17 10. Ne2 cxd5 11. Ng3 dxe4 12. Nxe4 Nxe4 (12... d5 $5
$142 13. Nxf6+ 13... Bxf6 $17) 13. Bxe4 $15 13... Bb7 14. Bxb7 Qxb7 15. Bd2 Nc6
16. Re1 h6 17. Re3 f5 18. Rb3 e4 19. Nd4 a5 20. Ne6 Rf6 21. Nf4 Nd4 (21... Rf7
$5 $17) 22. Rg3 $11 22... g5 23. Nh5 Rg6 24. c3 (24. Bxg5 $5 $142 24... Bxg5
25. Qxd4 $11) 24... Ne6 $17 25. cxb4 axb4 26. Rb3 d5 27. Bxb4 Bxb4 28. a3 Qa7
29. Rxb4 e3 (29... Rd8 30. a4 $11) 30. fxe3 (30. Qxd5 exf2+ 31. Kf1 Qa6+ 32.
Kxf2 32... Rd8 $16) 30... Qxe3+ $11 31. Kh1 d4 32. Rb3 Qf2 (32... Qe5 33. Qf1
Ra5 34. Re1 $16) 33. Rb6 (33. Qd3 Nc5 34. Qc4+ 34... Ne6 $16) 33... g4 (33...
d3 $5 $142 34. Rd6 34... Rb8 $14) 34. Qe1 $16 34... Qe3 35. Qxe3 dxe3 36. hxg4
fxg4 37. Re1 Rg5 (37... Ra5 38. Ng3 $16) 38. Nf6+ (38. Rxe6 Rxh5+ 39. Kg1 39...
Rb5 $18) 38... Kf7 39. Ne4 (39. Rxe3 39... Nf4 $16) 39... Rh5+ 40. Kg1 40...
Rd8 $4 (40... Re5 $142 41. Rxe3 41... Kg7 $18) 41. Rf1+ $18 41... Ke7 42. Rb7+
Rd7 (42... Nc7 43. Rxc7+ Ke6 44. Re1 $18) 43. Rxd7+ Kxd7 44. Nf6+ Kc6 45. Nxh5
e2 (45... Nd4 46. Rf6+ Kd5 47. Rxh6 $18) 46. Re1 Nd4 47. Ng3 (47. Ng3 Kc5 48.
Nxe2 $18) 1-0

[Event "Bad Woerishofen op"]
[Site "Bad Woerishofen"]
[Date "2001.??.??"]
[Round "9"]
[White "Probst, Joachim"]
[Black "Marotzke, Stefan"]
[Result "1/2-1/2"]
[WhiteElo "1925"]
[BlackElo "1761"]
[Annotator "ChessOrg"]
[PlyCount "65"]
[EventDate "1998.03.05"]
[Source "ChessBase"]
[SourceDate "1998.04.29"]

1. e4 {B01: Skandinavische Verteidigung} 1... d5 2. exd5 Nf6 3. Bb5+ Bd7 4. Bc4
Bg4 5. f3 Bf5 6. Nc3 Nbd7 7. d4 {letzter Buchzug} 7... Nb6 8. Bb3 (8. Qe2 Nxc4
9. Qxc4 9... Qd7 $14) 8... Nbxd5 $11 9. Nxd5 Nxd5 10. Bd2 e6 11. g3 Be7 12. Ne2
O-O 13. O-O h6 14. a3 Re8 15. c4 Nb6 16. Be3 Bf6 17. Qd2 c6 18. Rad1 Qc7 19. g4
Bh7 20. g5 hxg5 21. Bxg5 Qe7 22. Bxf6 Qxf6 (22... gxf6 $143 23. Qh6 $14) 23. f4
Rad8 24. Qe3 Nc8 25. Rd2 Ne7 26. Ng3 Nf5 27. Nxf5 Bxf5 28. Bd1 (28. Qe5 28...
Rd7 $11) 28... g6 (28... c5 29. dxc5 Rxd2 30. Qxd2 $15) 29. Bf3 Re7 30. b4 Red7
31. Rfd1 Qh4 32. Rg2 (32. a4 $5 $15) 32... Qf6 (32... e5 $5 $142 33. fxe5 Rxd4
34. Rxd4 34... Rxd4 $17) 33. Rgd2 $11 1/2-1/2

[Event "Bad Woerishofen op"]
[Site "?"]
[Date "2001.??.??"]
[Round "1"]
[White "Proksch, Guenter"]
[Black "Sokolov, Andrei"]
[Result "0-1"]
[WhiteElo "2079"]
[BlackElo "2566"]
[Annotator "ChessOrg"]
[PlyCount "108"]
[EventDate "2000.??.??"]

1. e4 {B51: Sizilianisch (Rossolimo-Variante)} 1... c5 2. Nf3 d6 3. Bb5+ Nd7 4.
d4 Ngf6 5. dxc5 Qa5+ 6. Nc3 6... Nxe4 {letzter Buchzug} 7. c6 bxc6 8. Bxc6 Nxc3
9. Qd2 Rb8 10. Qxc3 Qxc3+ 11. bxc3 Bb7 12. Ba4 Bxf3 13. gxf3 Kd8 14. Be3 Nb6
15. Rb1 Kc7 16. Bb3 e6 17. Ke2 Be7 18. Rhg1 g6 19. Bd4 Rhc8 20. f4 Rf8 21. c4
Rb7 22. Rgd1 Nd7 23. Ba4 Rxb1 24. Rxb1 Nc5 25. Bxc5 dxc5 26. Rd1 Bd6 27. Ke3
Rb8 28. Bb3 Kd7 29. h3 Ke7 30. Ke4 h6 31. Rg1 Bc7 32. Rd1 f5+ 33. Ke3 g5 34.
fxg5 hxg5 35. Ba4 Bd6 36. Kf3 a6 37. Rg1 Kf6 38. Rd1 Rb4 39. Bb3 (39. Rxd6 $143
39... Rxa4 40. Ke3 40... Rxa2 $19) 39... Rb6 40. Rd3 Ke7 41. Rd1 Be5 42. Rg1
Kf6 43. Rd1 Bd4 44. Ke2 Rb8 45. Rd3 e5 46. c3 e4 47. Rd1 Bxc3 48. Rd6+ Ke5 49.
Rd5+ Kf4 50. Kf1 (50. Rxc5 Rh8 51. Rd5 51... Rxh3 $17) 50... Bd4 $19 51. Kg2 $2
(51. Rd7 $19 $142) 51... a5 52. Ba4 (52. Kf1 $19) 52... Rb2 53. Bd7 (53. Kg1
Bxf2+ 54. Kf1 $19) 53... Rxf2+ 54. Kh1 (54. Kg1 Kg3 55. Rxd4 cxd4 56. Ba4 d3
57. Bd1 Rd2 58. Bb3 Rb2 59. Bd1 Rb1 60. Kf1 Rxd1#) 54... Kg3 (54... Kg3 55. Kg1
Be3 56. Rd2 Rf3+ 57. Rf2 Rxf2 58. Be6 Rf3+ 59. Kh1 Rf1#) 0-1

[Event "Bad Woerishofen op"]
[Site "Bad Woerishofen"]
[Date "2001.??.??"]
[Round "7"]
[White "Proksch, Guenter"]
[Black "Hahn, Guenter"]
[Result "0-1"]
[WhiteElo "2079"]
[BlackElo "2172"]
[Annotator "ChessOrg"]
[PlyCount "68"]
[EventDate "1998.03.05"]
[Source "ChessBase"]
[SourceDate "1998.04.29"]

1. e4 {C01: Franzoesische Verteidigung (Abtauschvariante)} 1... e6 2. d4 d5 3.
exd5 exd5 4. Bd3 Nc6 5. c3 Bd6 6. Nf3 Bg4 7. O-O Nge7 8. Re1 Qd7 9. Bg5 f6 10.
Bh4 10... g5 {letzter Buchzug} 11. Bg3 Bxg3 12. fxg3 O-O-O 13. Qa4 h5 14. Nbd2
(14. b4 h4 15. b5 Bxf3 16. bxc6 Nxc6 17. gxf3 17... hxg3 $17) 14... h4 $15 15.
Nb3 15... Bxf3 $4 (15... Rde8 $142 16. Nc5 16... Qd6 $15) 16. Nc5 $18 (16. gxf3
hxg3 17. hxg3 Rh1+ 18. Kxh1 Qh3+ 19. Kg1 Qxg3+ 20. Kf1 Qxf3+ 21. Kg1 Rh8 22.
Bf5+ Kd8 23. Bh3 Rxh3 24. Rxe7 Rh1#) 16... Qg4 $2 (16... Qd6 17. Qb5 Na5 18.
Qxa5 Qb6 (18... hxg3 $4 19. Qxa7 (19. gxf3 $6 19... g2 20. Kf2 20... Qxh2 $16)
19... gxh2+ 20. Kh1 Qxc5 21. dxc5 Bxg2+ 22. Kxg2 h1=Q+ 23. Rxh1 $18) 19. Qxb6
axb6 20. gxf3 hxg3 21. hxg3 21... Rde8 $18) 17. Qb5 Na5 18. Rxe7 (18. Qxa5 $143
18... Nc6 19. Qb5 19... Na5 $18) 18... hxg3 19. Rxc7+ (19. h3 $142 19... Qf4
20. Rxc7+ Kxc7 21. Ne6+ (21. Qxa5+ $4 21... Kb8 22. Qxd8+ 22... Rxd8 $19) 21...
Kb8 22. Nxf4 gxf4 23. Qxa5 $18) 19... Kxc7 $19 20. h3 Qc8 21. Qxa5+ Kb8 22. Qb5
(22. gxf3 $4 22... Qxh3 23. Na6+ bxa6 24. Qb4+ Ka8 25. Qb7+ Kxb7 26. Bxa6+ Kxa6
27. Re1 Qh1#) 22... Be4 23. Bxe4 (23. Nxe4 $5 $142 23... a6 24. Qb6 dxe4 25.
Bxe4 $17) 23... dxe4 $17 24. Nxe4 g4 25. Nxf6 (25. h4 Rxh4 26. Qd3 Rdh8 27.
Qxg3+ 27... Ka8 $19) 25... gxh3 26. Qe5+ Ka8 27. Qxg3 $2 (27. Rf1 h2+ 28. Kh1
$19) 27... hxg2 28. Re1 (28. Qxg2 Qe6 29. Rf1 $19) 28... Qc6 29. Ng4 (29. Ne4
Rdg8 30. Qxg8+ Rxg8 31. d5 Qxd5 32. c4 $19) 29... Rh1+ 30. Kf2 Rf8+ 31. Ke2
Qe4+ (31... Rff1 32. Kd2 Rxe1 33. Ne5 Rd1+ 34. Ke3 Rhe1+ 35. Kf2 g1=Q+ 36. Qxg1
Qf6+ 37. Nf3 Rxg1 38. Ke3 Rg3 39. Ke4 Qxf3+ 40. Ke5 Re1+ 41. Kd6 Qc6#) 32. Ne3
Rxe1+ 33. Qxe1 33... Qxe3+ $3 34. Kxe3 Re8+ (34... Re8+ 35. Kf3 Rxe1 36. Kxg2
Re2+ 37. Kf3 37... Rxb2 $19) 0-1

[Event "Bad Woerishofen op"]
[Site "Bad Woerishofen"]
[Date "2001.??.??"]
[Round "9"]
[White "Proksch, Guenter"]
[Black "Stumpf, Heinz"]
[Result "1/2-1/2"]
[WhiteElo "2079"]
[BlackElo "2245"]
[Annotator "ChessOrg"]
[PlyCount "27"]
[EventDate "1998.03.05"]
[Source "ChessBase"]
[SourceDate "1998.04.29"]

1. e4 {B13: Caro-Kann (Abtausch-Variante 4.c4)} 1... c6 2. d4 d5 3. exd5 cxd5
4. Bd3 Nc6 5. c3 Qc7 6. Ne2 Bg4 7. Qb3 7... e6 {letzter Buchzug} 8. Bf4 Bd6 9.
Bxd6 Qxd6 10. Ng3 (10. Qxb7 $143 10... Rb8 11. Qa6 Bxe2 12. Bxe2 12... Rxb2 $11
) 10... e5 11. Bf5 (11. Qxb7 $143 11... Rb8 12. Qa6 12... Rxb2 $11) 11... Bxf5
12. Nxf5 Qg6 13. Nxg7+ (13. Qxb7 $5 13... Rb8 14. Qc7 Qxf5 15. Qxc6+ Qd7 16.
Qxd7+ Kxd7 17. b3 exd4 18. cxd4 $11) 13... Kf8 $15 (13... Qxg7 $2 14. Qxb7 Qxg2
15. Qxa8+ Nd8 16. Rf1 exd4 17. Qxa7 dxc3 18. Nxc3 $18) 14. Nh5 1/2-1/2

[Event "Bad Woerishofen op"]
[Site "Bad Woerishofen"]
[Date "2001.??.??"]
[Round "2"]
[White "Pruess, Martin"]
[Black "Bjarnason, Oskar"]
[Result "0-1"]
[WhiteElo "1840"]
[BlackElo "2163"]
[Annotator "ChessOrg"]
[PlyCount "50"]
[EventDate "1998.03.05"]
[Source "ChessBase"]
[SourceDate "1998.04.29"]

1. e4 {B23: Sizilianisch (Geschlossenes System)} 1... c5 2. Nc3 e6 3. f4 Ne7 4.
e5 {letzter Buchzug} 4... d6 5. Nf3 Ng6 6. d4 cxd4 7. Qxd4 Nc6 8. Bb5 Bd7 9.
Bxc6 Bxc6 10. exd6 (10. Be3 Bxf3 11. gxf3 Qh4+ 12. Kf1 Qh3+ 13. Kf2 13... Rd8
$15) 10... Bxf3 11. gxf3 Qxd6 (11... Bxd6 $5 12. Rg1 12... O-O $15) 12. Qe4 $11
12... Be7 13. O-O O-O 14. Be3 a6 15. Rad1 Qc7 16. f5 exf5 17. Qxf5 Bd6 18. Rf2
Rfe8 19. Ne4 (19. Nd5 Qc8 20. Qxc8 20... Raxc8 $11 (20... Rexc8 $2 21. Nb6 Bc7
22. Nxa8 Rxa8 23. Rd7 $18)) 19... Re5 (19... Rad8 $5 20. Rd3 20... Be5 $17) 20.
Qh3 $11 20... Bf8 21. Rd7 Qc6 22. Rfd2 f5 23. Ng5 h6 24. Nf7 $4 (24. f4 24...
Rxe3 $1 25. Qxe3 $19) 24... Rxe3 25. Qxf5 Rxf3 (25... Rxf3 26. Nxh6+ 26... Kh7
$19) 0-1

[Event "Bad Woerishofen op"]
[Site "Bad Woerishofen"]
[Date "2001.??.??"]
[Round "4"]
[White "Pruess, Martin"]
[Black "Wallhof, Dieter"]
[Result "0-1"]
[WhiteElo "1840"]
[BlackElo "2061"]
[Annotator "ChessOrg"]
[PlyCount "78"]
[EventDate "1998.03.05"]
[Source "ChessBase"]
[SourceDate "1998.04.29"]

1. e4 {C06: Franzoesische Verteidigung (Tarrasch-Variante)} 1... e6 2. d4 d5 3.
Nd2 Nf6 4. e5 Nfd7 5. Bd3 c5 6. c3 Nc6 7. Ne2 Qb6 8. Nf3 cxd4 9. cxd4 f6 10.
O-O {letzter Buchzug} 10... fxe5 11. dxe5 Ndxe5 12. Nxe5 Nxe5 13. Be3 Bc5 (
13... Qxb2 $143 14. Bd4 Nxd3 15. Bxb2 Nxb2 16. Qd4 $16) 14. Nf4 (14. Bxc5 Qxc5
15. Nd4 Nxd3 16. Qxd3 16... O-O $17) 14... Bxe3 $17 15. Qh5+ Nf7 16. fxe3 g6 (
16... Qxb2 $143 17. Nxd5 g6 18. Nc7+ Kd8 19. Rab1 gxh5 20. Rxb2 Kxc7 21. Rxf7+
Kd6 22. Bxh7 $16) 17. Qe2 (17. Nxg6 hxg6 18. Qxg6 Qxe3+ 19. Kh1 Qe5 20. Qxf7+
20... Kd8 $15) 17... Qd6 (17... O-O 18. Rac1 $17) 18. e4 O-O 19. Rf2 Bd7 20.
Raf1 Ne5 21. Bc2 d4 22. Bb3 Rad8 23. Qd2 (23. h3 d3 24. Qd2 24... Rfe8 $17)
23... Bc8 (23... Ng4 $5 24. Rf3 24... Qe5 $19) 24. Nd3 $17 24... Nxd3 25. Qxd3
Rxf2 26. Rxf2 Rf8 27. Rd2 Rd8 (27... Qf4 28. g3 Qf6 29. Bc4 $17) 28. Rf2 Kg7
29. a3 Bd7 30. Qf3 Rf8 31. Qxf8+ Qxf8 32. Rxf8 Kxf8 33. e5 Ke7 34. Kf2 h6 35.
Ke2 Bb5+ 36. Kf3 Bc6+ 37. Kf4 (37. Ke2 37... Be4 $17) 37... g5+ (37... Bxg2 38.
h4 $19) 38. Kg4 (38. Kg3 38... Be4 $17) 38... Bxg2 $19 39. Bd1 d3 (39... d3 40.
Kh5 40... Bf1 $19) 0-1

[Event "Bad Woerishofen op"]
[Site "Bad Woerishofen"]
[Date "2001.??.??"]
[Round "6"]
[White "Pruess, Martin"]
[Black "Friedrich, Wolfgang"]
[Result "1/2-1/2"]
[WhiteElo "1840"]
[BlackElo "2095"]
[Annotator "ChessOrg"]
[PlyCount "41"]
[EventDate "1998.03.05"]
[Source "ChessBase"]
[SourceDate "1998.04.29"]

1. e4 {B01: Skandinavische Verteidigung} 1... d5 2. exd5 Qxd5 3. Nc3 Qa5 4. d4
Bf5 5. Nf3 Nf6 6. Bc4 e6 7. O-O c6 8. Re1 8... Bd6 {letzter Buchzug} 9. d5 cxd5
10. Nxd5 Ne4 (10... Nxd5 $5 11. Bxd5 11... Qc7 $11) 11. Nc3 $16 11... Qd8 (
11... Nxc3 12. Qxd6 Ne4 13. Qd4 $16) 12. Nxe4 (12. Qd3 Nxc3 13. Qxf5 13... Be7
$16) 12... Bxe4 $16 13. Qe2 (13. Nd4 Bg6 14. Bb5+ Kf8 15. Qf3 $18) 13... Bxf3
$11 14. Qxf3 (14. gxf3 $143 14... Qh4 15. f4 15... Nc6 $15) 14... Nc6 15. Bf4
Bxf4 16. Qxf4 O-O 17. Rad1 Qa5 18. Re2 Rad8 19. Red2 e5 20. Qe3 Nd4 (20... Rxd2
$5 21. Rxd2 Rd8 22. Rxd8+ 22... Qxd8 $11) 21. c3 $16 1/2-1/2

[Event "Bad Woerishofen op"]
[Site "Bad Woerishofen"]
[Date "2001.??.??"]
[Round "8"]
[White "Pruess, Martin"]
[Black "Zunker, Reinhard"]
[Result "0-1"]
[WhiteElo "1840"]
[BlackElo "2234"]
[Annotator "ChessOrg"]
[PlyCount "68"]
[EventDate "1998.03.05"]
[Source "ChessBase"]
[SourceDate "1998.04.29"]

1. e4 {B07: Pirc-Ufimzew-Verteidigung} 1... d6 2. d4 Nf6 3. Nc3 g6 4. f3 Bg7 5.
Be3 O-O 6. Qd2 Nc6 7. O-O-O 7... a6 {letzter Buchzug} 8. g4 e5 9. Nge2 b5 10.
d5 Ne7 11. Ng3 Ne8 12. h4 f5 13. gxf5 gxf5 14. exf5 Nxf5 15. Bg5 Qd7 16. Bh3
Qf7 17. Nxf5 Bxf5 18. Ne4 (18. h5 Bxh3 19. Rxh3 19... Rc8 $16) 18... Kh8 19. h5
Bxh3 20. Rxh3 Rg8 21. h6 Bf6 22. Rg1 Rg6 23. Rhg3 (23. Nxf6 $143 23... Nxf6 24.
Bxf6+ 24... Qxf6 $11) 23... Bxg5 24. Nxg5 Qf5 25. f4 (25. Qc3 $5 $16) 25...
exf4 $11 26. Qd4+ Kg8 (26... Nf6 27. Nf7+ Kg8 28. Rxg6+ hxg6 29. Ng5 $11) 27.
Rg4 (27. Qf2 c5 28. Ne6 Rxg3 29. Rxg3+ Kf7 30. Rg5 $16) 27... Qe5 (27... Nf6 $5
28. Rxf4 28... Qxd5 $11) 28. Qxf4 (28. Qxe5 dxe5 29. Nf3 Rxg4 30. Rxg4+ Kf7 31.
Nxe5+ Kf6 32. Nd3 $14) 28... Qxf4+ $14 29. Rxf4 Nf6 (29... Rxh6 $4 30. Ne6+ Ng7
31. Rxg7+ Kh8 32. Rxc7 Rh1+ 33. Kd2 $18) 30. Rxf6 (30. Rf5 $5 $11 $142) 30...
Rxf6 $17 31. Ne6+ Rg6 32. Rf1 (32. Rxg6+ $5 $142 32... hxg6 33. Nxc7 $15) 32...
Rc8 33. Kd2 (33. Nd4 33... Kh8 $19 (33... Rxh6 $6 34. Nf5 Rf6 35. Ne7+ Kf7 36.
Rxf6+ Kxe7 37. Rh6 $15)) 33... c6 34. Kd3 cxd5 (34... cxd5 35. Nf4 35... Rxh6
$19) 0-1

[Event "Bad Woerishofen op"]
[Site "Bad Woerishofen"]
[Date "2001.??.??"]
[Round "2"]
[White "Pruesse, Horst"]
[Black "Warter, Siegfried"]
[Result "0-1"]
[WhiteElo "2042"]
[BlackElo "1800"]
[Annotator "ChessOrg"]
[PlyCount "110"]
[EventDate "1998.03.05"]
[Source "ChessBase"]
[SourceDate "1998.04.29"]

1. a3 {A00: Unregelmaessige Eroeffnungen} 1... d5 2. c4 {letzter Buchzug} 2...
c6 3. Qc2 Nf6 4. Nf3 Bg4 5. Ne5 Bh5 6. e3 (6. Qb3 Nbd7 7. d4 Qb6 8. Qxb6 Nxb6
9. cxd5 9... Nbxd5 $11) 6... Nfd7 7. f4 Nxe5 8. fxe5 e6 9. d4 Nd7 10. Nc3 (10.
b4 10... Nb6 $15) 10... dxc4 $17 11. Bxc4 Nxe5 12. Bxe6 (12. dxe5 Qh4+ 13. Qf2
13... Qxc4 $19) 12... Qh4+ (12... fxe6 13. dxe5 Qg5 14. e4 Qxe5 15. Qb3 $19)
13. g3 $15 13... Nf3+ 14. Kf2 Qe7 15. Bf5 Rd8 (15... g6 $5 16. Bd3 16... Ng5
$15) 16. h4 (16. Bxh7 g6 17. Qe4 Bg7 18. Qxe7+ Kxe7 19. Bxg6 19... fxg6 $19)
16... g6 17. Be4 Qf6 (17... Rd6 $5 $16) 18. Kg2 g5 (18... Bg7 $5 $16) 19. hxg5
$18 19... Ne1+ (19... Qxg5 20. Bxf3 Bxf3+ 21. Kxf3 $18) 20. Rxe1 Qxg5 21. Qf2
Bd6 22. Bf3 (22. Bc2 $142 22... Rg8 23. Ne4 23... Qd5 $18) 22... Bxg3 $2 (22...
Bxf3+ 23. Qxf3 23... Qg6 $18) 23. Qxg3 Rg8 24. Bxc6+ (24. Ne4 $142 24... Bxf3+
25. Kxf3 Qh5+ 26. Kf2 Rxg3 27. Nf6+ Kf8 28. Nxh5 28... Rg8 $18) 24... bxc6 25.
Qxg5 Rxg5+ 26. Kh2 f5 (26... Bg6 27. Rg1 Rh5+ 28. Kg3 $18) 27. Rg1 (27. e4 $5
27... Rg4 $18) 27... Bg4 28. Bd2 Rd6 29. Kg3 h5 30. Rh1 Rg7 31. Kf4 c5 32. d5
Rb7 33. Rab1 c4 34. Ke5 (34. e4 fxe4 35. Nxe4 35... Rg6 $18) 34... Ke7 (34...
Rdb6 35. Bc1 $18) 35. Na4 (35. e4 fxe4 36. Nxe4 36... Rg6 $18) 35... Rd8 (35...
Bf3 36. e4 Rb5 37. Bg5+ (37. Kxf5 $6 37... Rf6+ 38. Kg5 38... Bxe4 $18) 37...
Kd7 38. Nc3 $18) 36. Bb4+ Kf7 37. Nc3 Kg6 38. d6 Kg5 39. Nd5 Rb5 (39... Re8+
40. Ne7 40... a5 $18) 40. a4 (40. Kd4 $142 40... Re8 41. Ne7 $18 (41. Kxc4 Be2+
42. Kb3 42... Rxd5 $15)) 40... Re8+ $19 41. Kd4 Re4+ 42. Kc3 Rxd5 43. Rbe1 a5
44. Ba3 h4 45. b4 $4 (45. Kc2 $17 $142) 45... Rd3+ $19 46. Kc2 Rxa3 47. d7 Rd3
48. Rd1 Bxd1+ (48... Rxd1 $2 49. Rxd1 Bxd1+ 50. Kxd1 $18) 49. Rxd1 Rexe3 50.
d8=Q+ Rxd8 51. Rxd8 axb4 52. a5 (52. Rc8 b3+ 53. Kd1 h3 54. Rg8+ 54... Kf4 $19)
52... Re2+ (52... b3+ 53. Kd2 Rd3+ 54. Rxd3 $19) 53. Kb1 (53. Kd1 Ra2 54. Rg8+
54... Kf4 $19) 53... h3 54. a6 (54. Rg8+ Kf4 55. Rh8 55... h2 $19) 54... h2 55.
Rd1 Kg4 (55... Kg4 56. Rc1 56... Kg3 $19) (55... c3 $142 56. Rf1 Rb2+ 57. Kc1
$19) 0-1

[Event "Bad Woerishofen op"]
[Site "Bad Woerishofen"]
[Date "2001.??.??"]
[Round "4"]
[White "Pruesse, Horst"]
[Black "Lechner, Otto"]
[Result "1-0"]
[WhiteElo "2042"]
[BlackElo "1810"]
[Annotator "ChessOrg"]
[PlyCount "55"]
[EventDate "1998.03.05"]
[Source "ChessBase"]
[SourceDate "1998.04.29"]

1. a3 {A00: Unregelmaessige Eroeffnungen} 1... c5 2. e4 2... Nc6 {
letzter Buchzug} 3. Nf3 e6 4. Nc3 d5 5. exd5 exd5 6. Bb5 Be6 7. O-O Nf6 8. d4
a6 9. Bxc6+ bxc6 10. Bg5 Bd6 (10... h6 $5 11. Bf4 11... g5 $11) 11. dxc5 $14
11... Bxc5 12. Nd4 Qd7 13. Bxf6 gxf6 14. Na4 Ba7 15. Re1 c5 16. Nxe6 fxe6 17.
Qe2 Kf7 18. Qh5+ (18. Qxa6 $143 18... c4 19. Nb6 19... Qc6 $17) 18... Ke7 (
18... Kg7 19. Qg4+ Kf7 20. b3 $11) 19. Nc3 Rad8 20. Rad1 d4 21. Ne4 Qe8 22. Qf3
Qg6 23. Ng3 (23. Nc3 Bb8 (23... Qxc2 $4 24. Qb7+ Kf8 25. Rxe6 $18 (25. Qxa7
$143 25... Qf5 $18)) 24. Qb7+ Kf8 25. Rxe6 25... Qf7 $16) 23... Rhe8 (23... e5
24. Re4 Rhg8 25. Qd3 $14) 24. Re4 (24. Qb7+ Rd7 25. Rxe6+ Kxe6 26. Re1+ Kd6 27.
Qxa6+ Kc7 28. Qxa7+ Kc6 29. Qa6+ Kc7 30. Rxe8 Qxe8 31. Qa5+ 31... Kc6 $16)
24... Kf7 (24... Kf8 25. Rg4 Qh6 26. Qc6 $14) 25. Rg4 $16 25... Qh6 (25... Qxc2
$4 26. Nh5 Ke7 27. Rg7+ Kd6 28. Rxa7 $18) 26. Nh5 26... Re7 $2 (26... Bb8 $142
27. Rg7+ 27... Kf8 $14) 27. Nxf6 $1 $18 27... Bb8 28. Ng8+ (28. Ng8+ Ke8 29.
Qc6+ Rdd7 30. Nxh6 $18) 1-0

[Event "Bad Woerishofen op"]
[Site "Bad Woerishofen"]
[Date "2001.??.??"]
[Round "6"]
[White "Pruesse, Horst"]
[Black "Eschle, Hubert"]
[Result "1/2-1/2"]
[WhiteElo "2042"]
[BlackElo "1875"]
[Annotator "ChessOrg"]
[PlyCount "90"]
[EventDate "1998.03.05"]
[Source "ChessBase"]
[SourceDate "1998.04.29"]

1. a3 {A00: Unregelmaessige Eroeffnungen} 1... c5 2. e4 e6 3. Nf3 a6 4. Nc3 d6
5. d4 cxd4 6. Nxd4 Nf6 7. Be2 Be7 8. Be3 b5 9. f4 Qc7 10. O-O Bb7 11. Bf3 O-O
12. Qe1 Nbd7 13. Nb3 {letzter Buchzug} 13... Rac8 14. Rd1 Nb6 15. Na5 Ba8 16.
Kh1 (16. Rf2 d5 17. e5 17... Nfd7 $11) 16... d5 (16... Na4 17. Nxa4 bxa4 18.
Bd4 $15) 17. e5 Nfd7 18. Nb3 Nc4 19. Bc1 b4 (19... Rfd8 $5 $11 $142) 20. axb4
$16 20... Bxb4 21. Qh4 (21. Nxd5 Bxe1 22. Nxc7 Rxc7 23. Bxa8 23... Bc3 $16)
21... f5 (21... Nxb2 22. Bxb2 Bxc3 23. Bxc3 Qxc3 24. Nd4 $17) 22. exf6 (22. Na2
$5 22... Bc5 23. Nxc5 Qxc5 24. b3 $16) 22... Rxf6 $11 23. Rd3 Rh6 24. Qf2 Nf6
25. g4 $4 (25. Qe2 $14 $142) 25... d4 $1 $19 26. Qg2 (26. Rxd4 Nxg4) 26... Nxg4
(26... Bxf3 $5 27. Qxf3 dxc3 28. bxc3 e5 29. cxb4 29... e4 $17) 27. Qxg4 $15
27... dxc3 28. bxc3 Bd6 29. Bxa8 Rxa8 30. Nd4 Qb7+ 31. Qf3 Qxf3+ 32. Nxf3 Rf6
33. Rd4 Rc8 34. Re1 Bb8 35. Rde4 Nd6 36. Rxe6 Rxc3 37. Rxf6 gxf6 38. Nd4 Kf7
39. Bb2 Rc4 40. Ra1 Ba7 (40... Nb5 $5 $142 41. Nxb5 41... axb5 $17) 41. c3 $11
41... Bxd4 42. cxd4 Rc6 43. d5 Rb6 44. Bd4 Rb5 45. Rxa6 Rxd5 1/2-1/2

[Event "Bad Woerishofen op"]
[Site "Bad Woerishofen"]
[Date "2001.??.??"]
[Round "8"]
[White "Pruesse, Horst"]
[Black "Schaefer, Michael"]
[Result "0-1"]
[WhiteElo "2042"]
[BlackElo "2208"]
[Annotator "ChessOrg"]
[PlyCount "48"]
[EventDate "1998.03.05"]
[Source "ChessBase"]
[SourceDate "1998.04.29"]

1. a3 {A00: Unregelmaessige Eroeffnungen} 1... g6 2. e4 {letzter Buchzug} 2...
Bg7 3. d4 c5 4. dxc5 Qc7 5. Nd2 Qxc5 6. Bc4 Nf6 7. Qe2 O-O 8. Ngf3 d6 9. h3 a6
10. a4 b6 11. O-O Bb7 12. e5 dxe5 13. Nxe5 Nh5 (13... Nc6 $5 $142 14. Ndf3 Nxe5
15. Nxe5 Nh5 16. Nxf7 Rxf7 17. Bxf7+ 17... Kxf7 $17) 14. Nxf7 $14 14... Bd5 15.
Ng5 Nf4 16. Bxd5+ (16. Qe4 Qxc4 17. Nxc4 Bxe4 18. Nxe4 18... Nd7 $16) 16...
Qxd5 $14 17. Qc4 Qxc4 18. Nxc4 Ne2+ 19. Kh2 Nxc1 20. Raxc1 Rf6 (20... b5 21.
Nb6 Ra7 22. b3 $14) 21. b3 (21. Rfd1 b5 22. Rd8+ Rf8 23. Rxf8+ 23... Bxf8 $16)
21... b5 22. Ne3 Nc6 23. Nd5 $4 (23. c4 $142 23... bxa4 24. bxa4 $16) 23... Rf5
$19 24. Nc7 (24. c4 bxa4 (24... Rxg5 $6 25. f4 Rxd5 26. cxd5 $17) 25. g4 25...
Rxg5 $17) 24... Be5+ (24... Be5+ 25. Kg1 25... Bxc7 $19) 0-1

[Event "Bad Woerishofen op"]
[Site "Bad Woerishofen"]
[Date "2001.??.??"]
[Round "2"]
[White "Puth, Dieter"]
[Black "Khurtsidze, Nino"]
[Result "0-1"]
[WhiteElo "2185"]
[BlackElo "2459"]
[Annotator "ChessOrg"]
[PlyCount "63"]
[EventDate "1998.03.05"]
[Source "ChessBase"]
[SourceDate "1998.04.29"]

1. d4 {E38: Nimzoindisch (4.Dc2)} 1... Nf6 2. c4 e6 3. Nc3 Bb4 4. Qc2 c5 5.
dxc5 Bxc5 6. Bf4 Nc6 7. Nf3 7... h6 {letzter Buchzug} 8. h3 O-O 9. e3 d5 10.
Rd1 Qa5 11. a3 Ne4 12. cxd5 Nxc3 13. bxc3 exd5 14. Bd3 (14. Rxd5 Be6 15. Rd2
15... Qxa3 $11) 14... Be6 (14... Rd8 15. O-O $15) 15. O-O b5 (15... Qxa3 $4 16.
Ra1 Qxa1 17. Rxa1 $18) 16. Ra1 Rfc8 (16... Bxa3 $2 17. Qb3 a6 18. Rxa3 $18) 17.
a4 b4 18. cxb4 Bxb4 (18... Qxb4 $2 19. Rfb1 Bxe3 20. Rxb4 Nxb4 21. Qb3 Bxf4 22.
Qxb4 $18) 19. Bh7+ Kh8 20. Qb1 Bc3 21. Ra3 Bb4 22. Ra1 Bc3 (22... d4 23. Be4
dxe3 24. fxe3 $11) 23. Ra3 $11 23... Qc5 24. Rb3 d4 25. exd4 (25. Rb7 $5 $11
$142) 25... Nxd4 $17 26. Nxd4 Qxd4 (26... Bxd4 $6 27. Rb5 Qf8 28. Bf5 $11) 27.
Be3 (27. Be4 Bxb3 28. Bxa8 28... Qxa4 $19) 27... Qxa4 $19 28. Rb7 Bd5 29. Re7
$2 (29. Bf5 $142 29... Bxb7 30. Qxb7 $19) 29... Bf6 30. Be4 (30. Re4 Bxe4 31.
Qxe4 31... Qa5 $19) 30... Ba2 (30... Bxe7 $6 31. Bxd5 Rab8 32. Qf5 $19) 31.
Bxa8 (31. Qe1 Bxe7 32. Bxa8 Rxa8 33. Bxh6 33... Re8 $19) 31... Bxb1 (31... Bxe7
$6 32. Qe4 Qe8 33. Ra1 Rxa8 34. Rxa2 $15) 32. Rxa7 0-1